000 00371nam a2200145Ia 4500
008 230312s9999||||xx |||||||||||||| ||und||
020 _a9781118148648
082 _a004.167
_bGOO-D
100 _aAlexander,Phill
245 0 _aEsports for dummies
260 _bWiley
_aUSA
_c2011
300 _a327
650 _aComputer
_vCOMPUTERS Hardware Handheld Devices
942 _cBK
999 _c18205
_d18205